Normale Ansicht MARC-Ansicht ISBD

Everyday Stalinism : (Titelsatznr. 19721)

[ MARC ]
MARC-Details
000 -Satzkennung
Kontrollfeld mit fester Länge 00719nam a22002411c 4500
001 - Kontrollnummer
Kontrollfeld a00528
003 - Kontrollnummer Identifier
Kontrollfeld RU-10907106
005 - Datum und Zeit der letzten Transaktion
Kontrollfeld 20220914150918.0
008 - Feld mit fester Länge zur physischen Beschreibung - Allgemeine Angaben
Kontrollfeld mit fester Länge 051003s1999 gw |||| 000u eng d
040 ## - Katalogisierungsquelle
Übertragungsstelle RU-10907106
Original-Katalogisierungsstelle RU-10907106
Katalogisierungssprache ger
041 ## - Sprachcode
Sprachcode des Textes/der Tonspur oder des separaten Titels eng
100 1# - Haupteintragung - Personenname
Personenname Fitzpatrick, Sheila
Koha-Normdatenidentnummer 13756
245 00 - Titel
Titel Everyday Stalinism :
Zusatz zum Titel Ordinary Life in Extraordinary Times ; Soviet Russia in the 1930s.
264 ## - Produktion, Veröffentlichung, Distribution, Herstellung und Urheberrechtsvermerk
Herstellungs-, Veröffentlichungs- Vertriebs-, Erzeugungsort Oxford,
Datum der Herstellung, der Veröffentlichung, des Vertriebs oder des Urheberschutzvermerks 1999
300 ## - Physische Beschreibung
Umfang 288 S. Br.
530 ## - Fußnote zu anderen erhältlichen Formen
Fußnote zu anderen erhältlichen Formen Auch als E-Book vorhanden
650 #0 - Nebeneintragung unter einem Schlagwort - Sachschlagwort
Sachschlagwort oder geografischer Name als Eintragungselement Alltag
Koha-Normdatenidentnummer 602
650 #0 - Nebeneintragung unter einem Schlagwort - Sachschlagwort
Sachschlagwort oder geografischer Name als Eintragungselement Stalinismus
650 #0 - Nebeneintragung unter einem Schlagwort - Sachschlagwort
Sachschlagwort oder geografischer Name als Eintragungselement Terror
Koha-Normdatenidentnummer 5537
650 #0 - Nebeneintragung unter einem Schlagwort - Sachschlagwort
Sachschlagwort oder geografischer Name als Eintragungselement Mentalität
Koha-Normdatenidentnummer 10940
776 08 - Andere physische Form
Verweisungsphrase Erscheint auch als
Fußnote E-Book Ausgabe
Titel Everyday Stalinism
Datensatzkontrollnummer a987681536
942 ## - Zusätzliche Felder (Koha)
Koha-Medientyp Monographien
Klassifikation oder Aufstellungssystematik Andere/Generische Klassifikation
Exemplare
Ausgeschieden Verloren Klassifikation oder Aufstellungssystematik Beschädigt Nicht entleihbar Heimatbibliothek Aufenthaltsbibliothek Aufstellungsort Erwerbungsdatum Inventarnummer Signatur Barcode Letzte Aktivität Preis gültig von Koha-Medientyp
    Andere/Generische Klassifikation     MWN Osteuropa MWN Osteuropa Magazin - 2 03/10/2005 05-01774 Eßß R 63 k Fit E004015079086A52 22/02/2021 22/03/2021 Monographien